Statistics for When Did It Happen?

Click here to take the quiz!

General Stats

  • This quiz has been taken 42 times
  • The average score is 32 of 50

Answer Stats

Historical Event Year % Correct
9/112001
97%
End of WWI1918
97%
Attack on Pearl Harbor1941
97%
End of WWII1945
97%
Donald Trump becomes President2017
97%
Assassination of Kennedy1963
93%
Start of WWI1914
93%
Sinking of the Titanic1912
93%
Fall of Berlin Wall1989
93%
Cuban Missile Crisis1962
93%
Start of WWII1939
90%
Great Depression1929
86%
England wins World Cup1966
86%
Wright brothers invent the airplane1903
83%
Fall of Saigon1975
83%
Battle of Midway1942
83%
Stalin dies1953
79%
US declare their independence1776
79%
Falklands War1982
79%
Battle of Waterloo1815
76%
Columbus discovers the New World1492
76%
Hawaii becomes US State1959
72%
Battle of Hastings1066
72%
Tet Offensive1968
72%
Storming of the Bastille1789
69%
Hindenburg disaster1937
69%
Assassination of Lincoln1865
69%
Assassination of Gandhi1948
69%
Model T is invented1908
62%
Warsaw Pact1955
62%
Execution of Louis XVI1793
62%
Eruption of Mount St. Helens1980
59%
San Francisco earthquake1906
55%
Klondike Gold Rush1898
52%
Eruption of Krakatoa1883
52%
Gold Rush in California1848
52%
Texas becomes US State1845
45%
Eruption of Pinatubo1991
45%
Magna Carta1215
41%
Fall of Constantinople1453
38%
Charlemagne's Coronation800
34%
Assassination of Caesar44 BC
31%
Luther's ninety-five theses1517
28%
Destruction of Pompeii79 AD
24%
End of the Western Roman Empire476
21%
Muhammad dies632
21%
Peace of Westphalia1648
17%
Defenestration of Prague1618
17%
Legendary founding of Rome753 BC
14%
Invention of the printing press1440
10%

Score Distribution

Percentile by Number Answered

Percent of People with Each Score

Your Score History

You have not taken this quiz